000 00246nam a2200097Ia 4500
008 230508s2015 xx 000 0 und d
041 _aeng
100 _aSALUNKHE N S
245 _aMEASUREMENTS AND CONTROL G SCHEME
260 _bTECH-MAX
_c2015
_g2014
999 _c340634
_d340634